00690nam a2200217 a 450000500170000000800410001702000150005804000270007304100080010004400070010808200170011524500430013225000220017526000410019730000910023865000170032965000470034665000240039370000280041770000270044520160225175224.0140312t2000 ck ao fr|||| 000 0 spa d a958331255X aCO-BoIAVH cCO-BoIAVH 0 aspa ack04a660.6bB61b200aBioseguridad en la industria avícola aSegunda edición aBogotá :bFENAVI :bFONAV ,c2000. a246 páginas :bIlustraciones (algunas a color), fotografías a color ;c28 x 21 cm.16aBioseguridad26aIndustria avícolax Historiaz Colombia.26aActividad avícola1 aMeek Muñoz, Elizabeth1 aAldana Navarrete, Huga